| 000 | 01573ngm a22003490a 4500 | ||
|---|---|---|---|
| 001 | PT39925 | ||
| 003 | AR-LpoUNG | ||
| 005 | 20210201235854.0 | ||
| 007 | vd cvaizq | ||
| 008 | 191001s2009||||ag |||||||||||||||||spa d | ||
| 037 | _c$7.50 | ||
| 040 |
_aAR-LpoUNG _bspa _cAR-LpoUNG _eaacr |
||
| 041 | _aspa | ||
| 044 | _aag | ||
| 082 | 0 | _a808.068 32ord | |
| 100 | 1 |
_aYates, David _edir. |
|
| 245 | 1 | 0 | _aHarry Potter y la orden del Fénix |
| 260 |
_aSan Luis : _bWarner Bross - AVH, _c2009. |
||
| 300 | _aDVD (138 min.) : son., col. | ||
| 505 | 0 | _aElenco : Daniel Radcliffe, Rupert Grint, Emma Watson, Imelda Staunton, George Harris, Helena Bonham Carter, Natalia Tena, Kathryn Hunter, Evanna Lynch, Gary Oldman, Harry Melling, Richard Griffiths, Fiona Shaw, Sian Thomas, Jason Boyd, Richard Macklin, Charles Hughes, Susie Shinner, Auror Dawlish, Nick Shim, Ralph Fiennes | |
| 520 | _aHarry Potter regresa por quinto año a Hogwarts aún sacudido por la tragedia ocurrida en el Torneo de los Tres Magos. Debido a que el Ministro de la Magia niega el regreso de Lord Voldemort, Harry se convierte en el centro de atención de la comunidad mágica.Mientras lucha con sus problemas en el colegio, incluyendo a la nueva profesora Dolores Umbridge, intentará aprender más sobre la misteriosa Orden del Fénix. | ||
| 651 | 4 | _aDOCUMENTOS TEORICOS O METODOLOGICOS | |
| 653 | _aACCION | ||
| 653 | _aANIMACION | ||
| 653 | _aAVENTURA | ||
| 653 | _aCINE | ||
| 653 | _aCINE INGLES | ||
| 653 | _aFANTASIA | ||
| 653 | _aVIDEOS | ||
| 905 | _a39925 | ||
| 942 | _cDVD | ||
| 999 |
_c53650 _d53650 |
||